|
|
|
|
| LEADER |
01050nam a2200349 4500 |
| 001 |
DLU110121047 |
| 005 |
##20110510 |
| 008 |
##970221s1998 nyua 000 0 eng |
| 010 |
# |
# |
|a 97007382
|
| 020 |
# |
# |
|a 0201695170 (pbk.)
|
| 035 |
# |
# |
|9 (DLC) 97007382
|
| 040 |
# |
# |
|a DLC
|c DLC
|d DLC
|
| 082 |
# |
# |
|a 808.042
|b BL-K
|
| 100 |
# |
# |
|a Blanchard, Karen Lourie,
|d 1951-
|
| 245 |
# |
# |
|a Get ready to write :
|b a beginning writing text /
|c Karen Blanchard, Christine Root.
|
| 260 |
# |
# |
|a White Plains, NY :
|b Longman,
|c c1998.
|
| 300 |
# |
# |
|a iv, 107 p. :
|b ill. ;
|c 28 cm.
|
| 650 |
# |
# |
|a English language
|x Rhetoric
|x Problems, exercises, etc.
|
| 650 |
# |
# |
|a English language
|x Textbooks for foreign speakers.
|
| 650 |
# |
# |
|a Report writing
|x Problems, exercises, etc.
|
| 700 |
# |
# |
|a Root, Christine Baker,
|d 1945-
|
| 923 |
# |
# |
|a 01/2011NN
|
| 991 |
# |
# |
|a GT
|
| 992 |
# |
# |
|a 75000
|
| 994 |
# |
# |
|a KNN
|
| 900 |
# |
# |
|a True
|
| 911 |
# |
# |
|a Đào Thị Thu Huyền
|
| 925 |
# |
# |
|a G
|
| 926 |
# |
# |
|a A
|
| 927 |
# |
# |
|a SH
|
| 980 |
# |
# |
|a Thư viện Trường Đại học Đà Lạt
|